[Event "165 Stay Safe Play From Home"]
[Site "T#646253Emanuel Laske"]
[Date "2020.05.22"]
[Round "1"]
[White "Don59as"]
[Black "Sadbat1122"]
[Result "1-0"]
[WhiteElo "2077"]
[BlackElo "1809"]
[Annotator "NA RC"]
[PlyCount "61"]
[EventDate "2020.05.22"]
[EventType "swiss (blitz)"]

1. c4 {[%emt 0:00:06]} e6 {[%emt 0:00:02]} 2. e4 {[%emt 0:00:02]} d5 {[%emt 0:00:02]} 3. cxd5 {[%emt 0:00:03]} exd5 {[%emt 0:00:01]} 4. e5 {[%emt 0:00:00]} Nc6 {[%emt 0:00:04]} 5. f4 {[%emt 0:00:01]} Bf5 {[%emt 0:00:04]} 6. Nf3 {[%emt 0:00:01]} Bc5 {[%emt 0:00:03]} 7. d4 {[%emt 0:00:01]} Bxb1 {[%emt 0:00:08]} 8. Rxb1 {[%emt 0:00:05]} Bb4+ {[%emt 0:00:07]} 9. Kf2 {[%emt 0:00:09]} Nge7 {[%emt 0:00:03]} 10. Bd3 {[%emt 0:00:03]} h6 {[%emt 0:00:12]} 11. a3 {[%emt 0:00:03]} Ba5 {[%emt 0:00:04]} 12. Be3 {[%emt 0:00:02]} a6 {[%emt 0:00:04]} 13. g4 {[%emt 0:00:03]} O-O {[%emt 0:00:11]} 14. f5 {[%emt 0:00:11]} f6 {[%emt 0:00:04]} 15. h4 {[%emt 0:00:15]} Bb6 {[%emt 0:00:04]} 16. Qd2 {[%emt 0:00:11]} fxe5 {[%emt 0:00:02]} 17. dxe5 {[%emt 0:00:01]} d4 {[%emt 0:00:04]} 18. Bxh6 {[%emt 0:00:12]} Nd5 {[%emt 0:00:08]} 19. Bg5 {[%emt 0:00:11]} Qe8 {[%emt 0:00:02]} 20. Bf4 {[%emt 0:00:27]} Ne3 {[%emt 0:00:07]} 21. Kg3 {[%emt 0:00:06]} g6 {[%emt 0:00:20]} 22. f6 {[%emt 0:00:06]} Qe6 {[%emt 0:00:05]} 23. Bxe3 {[%emt 0:00:10]} dxe3 {[%emt 0:00:03]} 24. Qc3 {[%emt 0:00:04]} Bd4 {[%emt 0:00:35]} 25. Bc4 {[%emt 0:00:09]} Bxc3 {[%emt 0:00:18]} 26. Bxe6+ {[%emt 0:00:02]} Kh7 {[%emt 0:00:03]} 27. bxc3 {[%emt 0:00:01]} Rae8 {[%emt 0:00:04]} 28. Rxb7 {[%emt 0:00:09]} Rxe6 {[%emt 0:00:04]} 29. Ng5+ {[%emt 0:00:02]} Kh8 {[%emt 0:00:04]} 30. Nxe6 {[%emt 0:00:06]} Re8 {[%emt 0:00:03]} 31. f7 {[%emt 0:00:04] Sadbat1122 resigns (Lag: Av=0.85s, max=1.1s)} 1-0

[Event "165 Stay Safe Play From Home"]
[Site "T#646253Emanuel Laske"]
[Date "2020.05.22"]
[Round "1"]
[White "Haris kollari 13"]
[Black "Lamborghini"]
[Result "0-1"]
[WhiteElo "1834"]
[BlackElo "2286"]
[Annotator "NA RC"]
[PlyCount "90"]
[EventDate "2020.05.22"]
[EventType "swiss (blitz)"]

1. e4 {[%emt 0:00:02]} c5 {[%emt 0:00:00]} 2. Nf3 {[%emt 0:00:01]} d6 {[%emt 0:00:00]} 3. d4 {[%emt 0:00:01]} cxd4 {[%emt 0:00:00]} 4. Nxd4 {[%emt 0:00:01]} Nf6 {[%emt 0:00:00]} 5. Nc3 {[%emt 0:00:01]} g6 {[%emt 0:00:00]} 6. f4 {[%emt 0:00:01]} Bg7 {[%emt 0:00:00]} 7. Be3 {[%emt 0:00:01]} O-O {[%emt 0:00:01]} 8. Be2 {[%emt 0:00:01]} Nc6 {[%emt 0:00:01]} 9. Qd2 {[%emt 0:00:01]} Qa5 {[%emt 0:00:02]} 10. Nb3 {[%emt 0:00:03]} Qc7 {[%emt 0:00:01]} 11. Bf3 {[%emt 0:00:01]} a5 {[%emt 0:00:01]} 12. a4 {[%emt 0:00:06]} Be6 {[%emt 0:00:01]} 13. Nb5 {[%emt 0:00:13]} Qb8 {[%emt 0:00:03]} 14. N3d4 {[%emt 0:00:01]} Bd7 {[%emt 0:00:05]} 15. h3 {[%emt 0:00:03]} Rc8 {[%emt 0:00:02]} 16. g3 {[%emt 0:00:02]} Nb4 {[%emt 0:00:15]} 17. c3 {[%emt 0:00:05]} Na6 {[%emt 0:00:01]} 18. O-O {[%emt 0:00:06]} Nc5 {[%emt 0:00:01]} 19. g4 {[%emt 0:00:04]} Nfxe4 {[%emt 0:00:02]} 20. Qg2 {[%emt 0:00:05]} d5 {[%emt 0:00:08]} 21. f5 {[%emt 0:00:09]} Ra6 {[%emt 0:00:05]} 22. b4 {[%emt 0:00:14]} axb4 {[%emt 0:00:06]} 23. cxb4 {[%emt 0:00:01]} Nxa4 {[%emt 0:00:01]} 24. Bxe4 {[%emt 0:00:04]} dxe4 {[%emt 0:00:01]} 25. Qxe4 {[%emt 0:00:02]} Qg3+ {[%emt 0:00:04]} 26. Kh1 {[%emt 0:00:03]} Qxh3+ {[%emt 0:00:01]} 27. Kg1 {[%emt 0:00:01]} Bxb5 {[%emt 0:00:08]} 28. Rf3 {[%emt 0:00:09]} Qh4 {[%emt 0:00:07]} 29. Ra3 {[%emt 0:00:07]} Nc3 {[%emt 0:00:03]} 30. Rxc3 {[%emt 0:00:04]} Rxc3 {[%emt 0:00:01]} 31. Nxb5 {[%emt 0:00:03]} Ra1+ {[%emt 0:00:02]} 32. Kg2 {[%emt 0:00:03]} Ra2+ {[%emt 0:00:03]} 33. Bf2 {[%emt 0:00:01]} Rxf3 {[%emt 0:00:04]} 34. Qxf3 {[%emt 0:00:01]} Rxf2+ {[%emt 0:00:05]} 35. Qxf2 {[%emt 0:00:03]} Qxg4+ {[%emt 0:00:01]} 36. Qg3 {[%emt 0:00:07]} Qe2+ {[%emt 0:00:03]} 37. Kh3 {[%emt 0:00:04]} Qxb5 {[%emt 0:00:02]} 38. fxg6 {[%emt 0:00:00]} Qf5+ {[%emt 0:00:03]} 39. Kh2 {[%emt 0:00:01]} Be5 {[%emt 0:00:02]} 40. gxh7+ {[%emt 0:00:04]} Kh8 {[%emt 0:00:01]} 41. Kh1 {[%emt 0:00:05]} Bxg3 {[%emt 0:00:03]} 42. b5 {[%emt 0:00:00]} Qf3+ {[%emt 0:00:01]} 43. Kg1 {[%emt 0:00:01]} Kxh7 {[%emt 0:00:01]} 44. b6 {[%emt 0:00:02]} Qf2+ {[%emt 0:00:01]} 45. Kh1 {[%emt 0:00:02]} Qh2# {[%emt 0:00:00] (Lag: Av=0.32s, max=0.7s)} 0-1

[Event "165 Stay Safe Play From Home"]
[Site "T#646253Emanuel Laske"]
[Date "2020.05.22"]
[Round "1"]
[White "Kongle"]
[Black "Matanant"]
[Result "1-0"]
[WhiteElo "1797"]
[BlackElo "1851"]
[Annotator "NA RC"]
[PlyCount "43"]
[EventDate "2020.05.22"]
[EventType "swiss (blitz)"]

1. d4 {[%emt 0:00:02]} e6 {[%emt 0:00:02]} 2. c4 {[%emt 0:00:02]} Nf6 {[%emt 0:00:16]} 3. Nf3 {[%emt 0:00:01]} Bb4+ {[%emt 0:00:18]} 4. Nc3 {[%emt 0:00:01]} Ne4 {[%emt 0:00:02]} 5. Qc2 {[%emt 0:00:02]} f5 {[%emt 0:00:05]} 6. e3 {[%emt 0:00:02]} c5 {[%emt 0:00:03]} 7. d5 {[%emt 0:00:04]} Qa5 {[%emt 0:00:02]} 8. Bd2 {[%emt 0:00:09]} Nxd2 {[%emt 0:00:02]} 9. Nxd2 {[%emt 0:00:06]} O-O {[%emt 0:00:08]} 10. dxe6 {[%emt 0:00:05]} dxe6 {[%emt 0:00:02]} 11. Bd3 {[%emt 0:00:03]} Nc6 {[%emt 0:00:02]} 12. O-O {[%emt 0:00:03]} Bxc3 {[%emt 0:00:02]} 13. bxc3 {[%emt 0:00:02]} b6 {[%emt 0:00:12]} 14. f4 {[%emt 0:00:08]} Bb7 {[%emt 0:00:02]} 15. Nf3 {[%emt 0:00:10]} Rad8 {[%emt 0:00:05]} 16. Rad1 {[%emt 0:00:07]} Rd6 {[%emt 0:00:12]} 17. Bxf5 {[%emt 0:00:14]} Rxd1 {[%emt 0:00:09]} 18. Bxe6+ {[%emt 0:00:02]} Kh8 {[%emt 0:00:02]} 19. Rxd1 {[%emt 0:00:02]} Qa3 {[%emt 0:00:14]} 20. Rd7 {[%emt 0:00:16]} Na5 {[%emt 0:00:08]} 21. Ng5 {[%emt 0:00:10]} g6 {[%emt 0:00:17]} 22. Rxh7# {[%emt 0:00:03] (Lag: Av=0.84s, max=1.1s)} 1-0

[Event "165 Stay Safe Play From Home"]
[Site "T#646253Emanuel Laske"]
[Date "2020.05.22"]
[Round "2"]
[White "Lamborghini"]
[Black "Kongle"]
[Result "1-0"]
[WhiteElo "2289"]
[BlackElo "1817"]
[Annotator "TA"]
[PlyCount "107"]
[EventDate "2020.05.22"]
[EventType "swiss (blitz)"]

{[%evp 9,107,29,96,56,60,39,26,38,66,43,52,41,49,33,103,79,102,87,92,-13,-8,-6,0,-11,73,27,69,-68,-64,-127,-31,-108,-35,-51,-25,-14,-11,-26,21,-43,55,64,49,-85,-62,-69,-65,-363,-209,-192,-187,-165,-86,-78,-85,-70,-66,-112,142,142,144,141,140,116,136,127,217,231,234,234,230,221,227,219,193,109,237,201,195,156,306,306,299,296,293,285,287,266,327,323,306,307,675,670,728,727,665,653,736,684]} 1. e4 c5 2. Nf3 e6 3. d4 cxd4 4. Nxd4 Nc6 5. Nc3 Qb6 (5... Nf6 $11 {remains equal.}) 6. Nb3 {B45: Sicilian Four Knights.} Bb4 7. Bd2 Nf6 8. Qe2 {White has an edge.} a6 9. O-O-O O-O 10. a3 Be7 {[#]} 11. f4 $146 ({Predecessor:} 11. Be3 Qc7 12. g4 b5 13. g5 Ne8 14. f4 b4 15. axb4 Bxb4 16. Na4 Na5 17. Nbc5 {1-0 (39) Esipenko,A (2471)-Khairullin,I (2629) Kolomna 2016}) 11... a5 (11... Qc7 $14) 12. e5 {Strongly threatening Be3.} Nd5 13. Nxd5 exd5 14. Qb5 (14. Bc3 $16) 14... Qxb5 $11 15. Bxb5 a4 16. Na1 Nd4 (16... Bc5 $11) 17. Bd3 (17. Bb4 $5 {[%cal Rd1d4]} Nxb5 18. Bxe7 $14) 17... d6 18. Bc3 (18. Bb4 $14) 18... dxe5 $15 19. fxe5 (19. Rde1 $15 Nc6 20. Bxe5) 19... Bg5+ (19... Nc6 $1 $17 20. Bb5 Be6) 20. Kb1 (20. Bd2 $1 $15 Bd8 21. c3) 20... Ne6 (20... Nc6 $17 21. Bb5 Rd8) 21. g3 d4 22. Bb4 Rd8 23. Rhe1 Be3 24. Be4 (24. c3 $11) 24... Ra6 ({Better is} 24... Ng5 $15 25. Bd2 (25. Rxe3 Bg4 $15) 25... Nxe4 26. Bxe3 Bf5 27. Rxd4 Rxd4 28. Bxd4 Nd2+ 29. Kc1 Nf3) 25. c4 Ng5 {[#]} 26. Bd3 (26. Rxe3 $1 $14 {[%mdl 512] stays ahead.} Bg4 (26... dxe3 27. Rxd8#) 27. Be7 Bxd1 28. Bxd8 dxe3 29. Bxg5) 26... Bg4 $17 27. Be2 Nf3 $36 {[%mdl 2112] And now ...Bf5+ would win. Double Attack. White is under pressure.} 28. Rh1 $2 {[%mdl 8192]} (28. Nc2 $15 Nxe1 {[%mdl 64] Discovered Attack} 29. Bxg4 Nxc2 30. Kxc2) 28... Nxe5 (28... Bf5+ $142 29. Ka2 Nxe5) 29. Bxg4 $19 Nxg4 30. Nc2 Nf2 (30... Re6 $19 {Threatens to win with ...Nf2.} 31. Nxe3 Nxe3) 31. Nxe3 $17 Nxh1 32. Nd5 Nf2 33. Rxd4 {[#] Ne7+ would kill now.} Re8 $2 {[%mdl 8192]} (33... Rb8 $1 $17 {keeps the pressure on.} 34. Be1 Nh3 35. Ne7+ Kh8) 34. Nc7 $1 $16 {[%csl LRa6,LRe8][%mdl 64] Double Attack} Raa8 {Black wants to play ...Rad8.} 35. Nxa8 Rxa8 {[%mdl 4096] Endgame KRB-KRN} 36. Kc2 f5 37. Rf4 Ne4 (37... Ng4 $16 {keeps fighting.}) 38. Rxf5 $18 Rc8 39. Kd3 Nf6 40. Rb5 Rd8+ 41. Kc2 Rd7 42. Bc3 (42. Bd2 $18) 42... Ne4 (42... Ng4 $16) 43. Rb4 Nc5 44. h4 Nb3 (44... h6 $16 {might work better.} 45. Bd2 Kh7) 45. Rxa4 Na1+ 46. Kb1 Nb3 47. Rb4 Nc5 48. g4 Rd1+ 49. Kc2 Rd7 50. Rb5 b6 $2 (50... Ne4 51. a4 g6) 51. Rxb6 {White is clearly winning.} Na4 52. Rb8+ Kf7 53. h5 h6 54. Bb4 {Accuracy: White = 60%, Black = 39%.} 1-0

[Event "165 Stay Safe Play From Home"]
[Site "T#646253Emanuel Laske"]
[Date "2020.05.22"]
[Round "2"]
[White "Tunca"]
[Black "Matanant"]
[Result "0-1"]
[WhiteElo "1821"]
[BlackElo "1832"]
[Annotator "NA RC"]
[PlyCount "125"]
[EventDate "2020.05.22"]
[EventType "swiss (blitz)"]

1. e4 {[%emt 0:00:10]} e5 {[%emt 0:00:02]} 2. f4 {[%emt 0:00:03]} d5 {[%emt 0:00:02]} 3. exd5 {[%emt 0:00:06]} e4 {[%emt 0:00:01]} 4. d3 {[%emt 0:00:09]} Qxd5 {[%emt 0:00:06]} 5. Nc3 {[%emt 0:00:11]} Bb4 {[%emt 0:00:01]} 6. Bd2 {[%emt 0:00:01]} Bxc3 {[%emt 0:00:03]} 7. Bxc3 {[%emt 0:00:04]} Nf6 {[%emt 0:00:02]} 8. dxe4 {[%emt 0:00:08]} Qxe4+ {[%emt 0:00:02]} 9. Qe2 {[%emt 0:00:03]} Qxe2+ {[%emt 0:00:03]} 10. Bxe2 {[%emt 0:00:00]} Nbd7 {[%emt 0:00:01]} 11. O-O-O {[%emt 0:00:01]} O-O {[%emt 0:00:03]} 12. Nf3 {[%emt 0:00:00]} Ne4 {[%emt 0:00:02]} 13. Bd4 {[%emt 0:00:10]} c5 {[%emt 0:00:02]} 14. Bd3 {[%emt 0:00:16]} f5 {[%emt 0:00:06]} 15. Bc4+ {[%emt 0:00:06]} Kh8 {[%emt 0:00:05]} 16. Bg1 {[%emt 0:00:09]} h6 {[%emt 0:00:05]} 17. Ne5 {[%emt 0:00:09]} Nxe5 {[%emt 0:00:06]} 18. fxe5 {[%emt 0:00:00]} Bd7 {[%emt 0:00:06]} 19. Bd5 {[%emt 0:00:08]} Bc6 {[%emt 0:00:09]} 20. Bxe4 {[%emt 0:00:21]} Bxe4 {[%emt 0:00:03]} 21. Bxc5 {[%emt 0:00:00]} Rfc8 {[%emt 0:00:04]} 22. Bd6 {[%emt 0:00:39]} Rxc2+ {[%emt 0:00:04]} 23. Kb1 {[%emt 0:00:06]} Rxg2+ {[%emt 0:00:10]} 24. Ka1 {[%emt 0:00:02]} Re8 {[%emt 0:00:11]} 25. Rc1 {[%emt 0:00:05]} Bc6 {[%emt 0:00:13]} 26. Rhf1 {[%emt 0:00:29]} g6 {[%emt 0:00:05]} 27. Rg1 {[%emt 0:00:03]} Rxg1 {[%emt 0:00:05]} 28. Rxg1 {[%emt 0:00:00]} Kh7 {[%emt 0:00:02]} 29. Kb1 {[%emt 0:00:01]} g5 {[%emt 0:00:02]} 30. Kc2 {[%emt 0:00:01]} Kg6 {[%emt 0:00:02]} 31. Rd1 {[%emt 0:00:04]} f4 {[%emt 0:00:02]} 32. Kd3 {[%emt 0:00:05]} Kf5 {[%emt 0:00:02]} 33. Kd4 {[%emt 0:00:01]} g4 {[%emt 0:00:02]} 34. Rf1 {[%emt 0:00:01]} h5 {[%emt 0:00:01]} 35. e6 {[%emt 0:00:02]} Rxe6 {[%emt 0:00:08]} 36. Rxf4+ {[%emt 0:00:02]} Kg5 {[%emt 0:00:01]} 37. Bb8 {[%emt 0:00:03]} Re2 {[%emt 0:00:08]} 38. Rf8 {[%emt 0:00:08]} Rxb2 {[%emt 0:00:04]} 39. Bf4+ {[%emt 0:00:01]} Kh4 {[%emt 0:00:02]} 40. Rf7 {[%emt 0:00:04]} Kh3 {[%emt 0:00:03]} 41. Rh7 {[%emt 0:00:02]} h4 {[%emt 0:00:01]} 42. Ke5 {[%emt 0:00:03]} Rxa2 {[%emt 0:00:03]} 43. Kf5 {[%emt 0:00:01]} Rf2 {[%emt 0:00:04]} 44. Kg5 {[%emt 0:00:01]} a5 {[%emt 0:00:02]} 45. Rxh4+ {[%emt 0:00:01]} Kg2 {[%emt 0:00:02]} 46. Rxg4+ {[%emt 0:00:01]} Kf1 {[%emt 0:00:02]} 47. Bg3 {[%emt 0:00:02]} Rf7 {[%emt 0:00:03]} 48. Rf4+ {[%emt 0:00:02]} Rxf4 {[%emt 0:00:03]} 49. Bxf4 {[%emt 0:00:00]} b5 {[%emt 0:00:01]} 50. h4 {[%emt 0:00:02]} Be4 {[%emt 0:00:01]} 51. h5 {[%emt 0:00:02]} Ke2 {[%emt 0:00:02]} 52. Bc7 {[%emt 0:00:03]} a4 {[%emt 0:00:02]} 53. Bd6 {[%emt 0:00:01]} Kd3 {[%emt 0:00:01]} 54. h6 {[%emt 0:00:01]} Kc4 {[%emt 0:00:01]} 55. Kf6 {[%emt 0:00:01]} b4 {[%emt 0:00:01]} 56. Kg7 {[%emt 0:00:02]} a3 {[%emt 0:00:02]} 57. h7 {[%emt 0:00:02]} Bxh7 {[%emt 0:00:02]} 58. Kxh7 {[%emt 0:00:00]} a2 {[%emt 0:00:09]} 59. Be5 {[%emt 0:00:02]} Kd3 {[%emt 0:00:00]} 60. Kg6 {[%emt 0:00:04]} Kc2 {[%emt 0:00:00]} 61. Kf5 {[%emt 0:00:01]} b3 {[%emt 0:00:00]} 62. Ba1 {[%emt 0:00:14]} b2 {[%emt 0:00:00]} 63. Ke4 {[%emt 0:00:02] Tunca resigns (Lag: Av=0.62s, max=1.4s)} 0-1

[Event "165 Stay Safe Play From Home"]
[Site "T#646253Emanuel Laske"]
[Date "2020.05.22"]
[Round "2"]
[White "Sadbat1122"]
[Black "Haris kollari 13"]
[Result "1-0"]
[WhiteElo "1803"]
[BlackElo "1832"]
[Annotator "NA RC"]
[PlyCount "57"]
[EventDate "2020.05.22"]
[EventType "swiss (blitz)"]

1. e4 {[%emt 0:00:05]} e6 {[%emt 0:00:03]} 2. Nc3 {[%emt 0:00:04]} b6 {[%emt 0:00:03]} 3. d4 {[%emt 0:00:02]} Bb7 {[%emt 0:00:01]} 4. Bd3 {[%emt 0:00:02]} d5 {[%emt 0:00:02]} 5. e5 {[%emt 0:00:02]} c5 {[%emt 0:00:02]} 6. Bb5+ {[%emt 0:00:03]} Nc6 {[%emt 0:00:05]} 7. Nge2 {[%emt 0:00:03]} a6 {[%emt 0:00:04]} 8. Bxc6+ {[%emt 0:00:04]} Bxc6 {[%emt 0:00:01]} 9. O-O {[%emt 0:00:03]} Ne7 {[%emt 0:00:03]} 10. Bg5 {[%emt 0:00:07]} Qc7 {[%emt 0:00:02]} 11. Bxe7 {[%emt 0:00:08]} Bxe7 {[%emt 0:00:01]} 12. a4 {[%emt 0:00:02]} O-O {[%emt 0:00:04]} 13. Qd3 {[%emt 0:00:04]} c4 {[%emt 0:00:01]} 14. Qg3 {[%emt 0:00:03]} b5 {[%emt 0:00:02]} 15. axb5 {[%emt 0:00:03]} axb5 {[%emt 0:00:01]} 16. Rxa8 {[%emt 0:00:08]} Rxa8 {[%emt 0:00:02]} 17. Nf4 {[%emt 0:00:11]} b4 {[%emt 0:00:16]} 18. Nce2 {[%emt 0:00:03]} Ra2 {[%emt 0:00:02]} 19. Nh5 {[%emt 0:00:04]} Bf8 {[%emt 0:00:01]} 20. Nef4 {[%emt 0:00:09]} Kh8 {[%emt 0:00:10]} 21. Rb1 {[%emt 0:00:09]} Qa7 {[%emt 0:00:11]} 22. h4 {[%emt 0:00:11]} Ra1 {[%emt 0:00:04]} 23. Rxa1 {[%emt 0:00:05]} Qxa1+ {[%emt 0:00:01]} 24. Kh2 {[%emt 0:00:02]} Qxb2 {[%emt 0:00:01]} 25. Qg5 {[%emt 0:00:22]} Qa3 {[%emt 0:00:13]} 26. Qd8 {[%emt 0:00:04]} Qa8 {[%emt 0:00:01]} 27. Qc7 {[%emt 0:00:07]} Qb7 {[%emt 0:00:15]} 28. Qd8 {[%emt 0:00:02]} Qd7 {[%emt 0:00:02]} 29. Qxf8# {[%emt 0:00:03] (Lag: Av=0.77s, max=1.1s)} 1-0

[Event "165 Stay Safe Play From Home"]
[Site "T#646253Emanuel Laske"]
[Date "2020.05.22"]
[Round "2"]
[White "Roefe Detlef"]
[Black "Don59as"]
[Result "0-1"]
[WhiteElo "1642"]
[BlackElo "2083"]
[Annotator "NA RC"]
[PlyCount "68"]
[EventDate "2020.05.22"]
[EventType "swiss (blitz)"]

1. d4 {[%emt 0:00:04]} d5 {[%emt 0:00:13]} 2. c4 {[%emt 0:00:00]} e5 {[%emt 0:00:02]} 3. Nc3 {[%emt 0:00:00]} dxc4 {[%emt 0:00:02]} 4. e3 {[%emt 0:00:02]} exd4 {[%emt 0:00:06]} 5. exd4 {[%emt 0:00:01]} Nc6 {[%emt 0:00:01]} 6. Nf3 {[%emt 0:00:01]} Bg4 {[%emt 0:00:04]} 7. Be2 {[%emt 0:00:04]} Nf6 {[%emt 0:00:18]} 8. Be3 {[%emt 0:00:02]} Bd6 {[%emt 0:00:07]} 9. h3 {[%emt 0:00:02]} Bh5 {[%emt 0:00:14]} 10. Bxc4 {[%emt 0:00:03]} O-O {[%emt 0:00:06]} 11. O-O {[%emt 0:00:03]} Qd7 {[%emt 0:00:14]} 12. Be2 {[%emt 0:00:05]} a6 {[%emt 0:00:09]} 13. a4 {[%emt 0:00:02]} Rfe8 {[%emt 0:00:11]} 14. Rc1 {[%emt 0:00:03]} Nb4 {[%emt 0:00:12]} 15. Qb3 {[%emt 0:00:13]} Bg6 {[%emt 0:00:17]} 16. Rfd1 {[%emt 0:00:04]} Ne4 {[%emt 0:00:12]} 17. Nxe4 {[%emt 0:00:22]} Bxe4 {[%emt 0:00:10]} 18. Ng5 {[%emt 0:00:03]} Bd5 {[%emt 0:00:11]} 19. Bc4 {[%emt 0:00:02]} Bxc4 {[%emt 0:00:04]} 20. Qxc4 {[%emt 0:00:02]} h6 {[%emt 0:00:04]} 21. Nf3 {[%emt 0:00:03]} Qf5 {[%emt 0:00:06]} 22. Ne5 {[%emt 0:00:17]} Rab8 {[%emt 0:00:16]} 23. g4 {[%emt 0:00:15]} Qf6 {[%emt 0:00:22]} 24. Nd7 {[%emt 0:00:02]} Qf3 {[%emt 0:00:01]} 25. Nxb8 {[%emt 0:00:13]} Rxe3 {[%emt 0:00:01]} 26. Rd2 {[%emt 0:00:33]} Bh2+ {[%emt 0:00:03]} 27. Kxh2 {[%emt 0:00:08]} Qxh3+ {[%emt 0:00:02]} 28. Kg1 {[%emt 0:00:01]} Rf3 {[%emt 0:00:06]} 29. Re1 {[%emt 0:00:15]} Qxg4+ {[%emt 0:00:01]} 30. Kf1 {[%emt 0:00:02]} Rh3 {[%emt 0:00:01]} 31. Re8+ {[%emt 0:00:06]} Kh7 {[%emt 0:00:03]} 32. f3 {[%emt 0:00:20]} Rh1+ {[%emt 0:00:01]} 33. Kf2 {[%emt 0:00:01]} Qg1+ {[%emt 0:00:01]} 34. Ke2 {[%emt 0:00:03]} Qe1# {[%emt 0:00:01] (Lag: Av=0.46s, max=0.8s)} 0-1

[Event "165 Stay Safe Play From Home"]
[Site "T#646253Emanuel Laske"]
[Date "2020.05.22"]
[Round "3"]
[White "Don59as"]
[Black "Lamborghini"]
[Result "0-1"]
[WhiteElo "2086"]
[BlackElo "2291"]
[Annotator "NA RC"]
[PlyCount "36"]
[EventDate "2020.05.22"]
[EventType "swiss (blitz)"]

1. h4 {[%emt 0:00:07]} e5 {[%emt 0:00:03]} 2. g3 {[%emt 0:00:04]} d5 {[%emt 0:00:01]} 3. Bg2 {[%emt 0:00:01]} Nf6 {[%emt 0:00:01]} 4. d3 {[%emt 0:00:01]} Nc6 {[%emt 0:00:01]} 5. Nd2 {[%emt 0:00:07]} h6 {[%emt 0:00:02]} 6. b3 {[%emt 0:00:02]} Bc5 {[%emt 0:00:03]} 7. e3 {[%emt 0:00:02]} Qe7 {[%emt 0:00:01]} 8. Bb2 {[%emt 0:00:09]} Bg4 {[%emt 0:00:04]} 9. Ne2 {[%emt 0:00:08]} O-O-O {[%emt 0:00:03]} 10. c3 {[%emt 0:00:11]} a6 {[%emt 0:00:11]} 11. d4 {[%emt 0:00:01]} Bb6 {[%emt 0:00:05]} 12. Nf3 {[%emt 0:00:15]} Rhe8 {[%emt 0:00:09]} 13. dxe5 {[%emt 0:00:06]} Nxe5 {[%emt 0:00:02]} 14. Nxe5 {[%emt 0:00:01]} Qxe5 {[%emt 0:00:01]} 15. Qd2 {[%emt 0:00:03]} Ne4 {[%emt 0:00:02]} 16. Qc2 {[%emt 0:00:27]} Nxf2 {[%emt 0:00:09]} 17. Qd2 {[%emt 0:00:58]} Bxe3 {[%emt 0:00:04]} 18. Qd3 {[%emt 0:00:05]} Bf5 {[%emt 0:00:02] Don59as resigns (Lag: Av=0.38s, max=0.5s)} 0-1

[Event "165 Stay Safe Play From Home"]
[Site "T#646253Emanuel Laske"]
[Date "2020.05.22"]
[Round "3"]
[White "Matanant"]
[Black "Roefe Detlef"]
[Result "0-1"]
[WhiteElo "1848"]
[BlackElo "1639"]
[Annotator "NA RC"]
[PlyCount "118"]
[EventDate "2020.05.22"]
[EventType "swiss (blitz)"]

1. e4 {[%emt 0:00:04]} c5 {[%emt 0:00:02]} 2. f4 {[%emt 0:00:02]} e6 {[%emt 0:00:02]} 3. Nf3 {[%emt 0:00:01]} d6 {[%emt 0:00:01]} 4. c3 {[%emt 0:00:06]} Nd7 {[%emt 0:00:03]} 5. d4 {[%emt 0:00:02]} cxd4 {[%emt 0:00:01]} 6. cxd4 {[%emt 0:00:01]} a6 {[%emt 0:00:01]} 7. Nc3 {[%emt 0:00:02]} b5 {[%emt 0:00:01]} 8. Bd3 {[%emt 0:00:07]} Bb7 {[%emt 0:00:01]} 9. O-O {[%emt 0:00:03]} Ngf6 {[%emt 0:00:02]} 10. Qe2 {[%emt 0:00:06]} Be7 {[%emt 0:00:02]} 11. Nd1 {[%emt 0:00:02]} Rc8 {[%emt 0:00:10]} 12. Nf2 {[%emt 0:00:03]} h5 {[%emt 0:00:03]} 13. Be3 {[%emt 0:00:03]} d5 {[%emt 0:00:12]} 14. Rac1 {[%emt 0:00:00]} dxe4 {[%emt 0:00:04]} 15. Nxe4 {[%emt 0:00:07]} Bxe4 {[%emt 0:00:07]} 16. Bxe4 {[%emt 0:00:02]} Nxe4 {[%emt 0:00:01]} 17. Ne5 {[%emt 0:00:01]} Nxe5 {[%emt 0:00:14]} 18. fxe5 {[%emt 0:00:02]} Rxc1 {[%emt 0:00:05]} 19. Rxc1 {[%emt 0:00:05]} Ng5 {[%emt 0:00:09]} 20. a4 {[%emt 0:00:18]} Qd7 {[%emt 0:00:19]} 21. axb5 {[%emt 0:00:19]} axb5 {[%emt 0:00:02]} 22. h4 {[%emt 0:00:12]} Ne4 {[%emt 0:00:05]} 23. Qd3 {[%emt 0:00:12]} Ng3 {[%emt 0:00:06]} 24. Bg5 {[%emt 0:00:12]} Bxg5 {[%emt 0:00:12]} 25. hxg5 {[%emt 0:00:02]} Nf5 {[%emt 0:00:05] Matanant reconnected.} 26. Qe4 {[%emt 0:00:22]} O-O {[%emt 0:00:04]} 27. Rd1 {[%emt 0:00:02]} Ne7 {[%emt 0:00:06]} 28. g4 {[%emt 0:00:07]} hxg4 {[%emt 0:00:13]} 29. Qxg4 {[%emt 0:00:01]} Nd5 {[%emt 0:00:01]} 30. Kf2 {[%emt 0:00:08]} g6 {[%emt 0:00:01]} 31. Rh1 {[%emt 0:00:09]} Rc8 {[%emt 0:00:24]} 32. Qe4 {[%emt 0:00:11]} Kf8 {[%emt 0:00:09]} 33. Rh8+ {[%emt 0:00:04]} Ke7 {[%emt 0:00:01]} 34. Rh7 {[%emt 0:00:05]} Qc6 {[%emt 0:00:04]} 35. Kg3 {[%emt 0:00:05]} Qc2 {[%emt 0:00:08]} 36. Qf3 {[%emt 0:00:02]} Qf5 {[%emt 0:00:04]} 37. Qxf5 {[%emt 0:00:07]} exf5 {[%emt 0:00:01]} 38. Kf3 {[%emt 0:00:08]} Rc2 {[%emt 0:00:02]} 39. b4 {[%emt 0:00:09]} Rc4 {[%emt 0:00:01]} 40. Rh4 {[%emt 0:00:03]} Rxb4 {[%emt 0:00:02]} 41. Ke2 {[%emt 0:00:00]} Rc4 {[%emt 0:00:07]} 42. Kd3 {[%emt 0:00:02]} Rc3+ {[%emt 0:00:01]} 43. Kd2 {[%emt 0:00:01]} b4 {[%emt 0:00:02]} 44. Rh1 {[%emt 0:00:01]} Rg3 {[%emt 0:00:06]} 45. Ra1 {[%emt 0:00:03]} Rxg5 {[%emt 0:00:07]} 46. Ra7+ {[%emt 0:00:01]} Kf8 {[%emt 0:00:01]} 47. Kc2 {[%emt 0:00:02]} Rg3 {[%emt 0:00:03]} 48. Rd7 {[%emt 0:00:04]} Nc3 {[%emt 0:00:03]} 49. d5 {[%emt 0:00:02]} Nb5 {[%emt 0:00:06]} 50. e6 {[%emt 0:00:03]} fxe6 {[%emt 0:00:02]} 51. dxe6 {[%emt 0:00:01]} Nd4+ {[%emt 0:00:02]} 52. Kb2 {[%emt 0:00:02]} Nxe6 {[%emt 0:00:02]} 53. Rd6 {[%emt 0:00:01]} Kf7 {[%emt 0:00:01]} 54. Rb6 {[%emt 0:00:01]} b3 {[%emt 0:00:02]} 55. Rb7+ {[%emt 0:00:00]} Kf6 {[%emt 0:00:01]} 56. Rb6 {[%emt 0:00:01]} Re3 {[%emt 0:00:02]} 57. Rd6 {[%emt 0:00:04]} g5 {[%emt 0:00:01]} 58. Rd5 {[%emt 0:00:01]} g4 {[%emt 0:00:01]} 59. Rd1 {[%emt 0:00:02]} g3 {[%emt 0:00:01] Matanant resigns (Lag: Av=0.52s, max=0.9s)} 0-1